Biggest Cities in a Strip of Canada Map - Statistics

General Stats
  • This quiz has been taken 23 times
  • The average score is 10 of 21
Answers on the Map
Answers color-coded by a green-red scale on the quiz's map according to % correct below.
 
Answer Stats
Population City % Correct
1,087,172 Edmonton
95%
1,791,508 Montreal
90%
1,071,868 Ottawa
85%
111,113 Thunder Bay
85%
288,311 Saskatoon
80%
171,446 Greater Sudbury
60%
446,476 Laval
60%
105,883 Red Deer
60%
82,125 Prince George
55%
292,524 Gatineau
50%
175,684 Sherbrooke
50%
138,204 Kingston
40%
81,945 Drummondville
30%
253,413 Longueuil
30%
87,552 Peterborough
30%
82,144 Saint-Jerome
15%
122,102 Terrebonne
15%
91,684 Brossard
10%
83,355 Kawartha Lakes
10%
100,238 Saint-Jean-sur-Richelieu
10%
88,103 Repentigny
5%
No matching quizzes found
Score Distribution
Percent of People with Each Score
Percentile by Number Answered
Your Score History
You have not taken this quiz